Isotope geochemistry : (Record no. 130444)

MARC details
000 -LEADER
fixed length control field 00791cam a2200253Ka 4500
008 - FIXED-LENGTH DATA ELEMENTS--GENERAL INFORMATION
fixed length control field
020 ## - INTERNATIONAL STANDARD BOOK NUMBER
International Standard Book Number 9780080967103 (pbk.)
049 ## - LOCAL HOLDINGS (OCLC)
Holding library MAIN
090 ## - LOCALLY ASSIGNED LC-TYPE CALL NUMBER (OCLC); LOCAL CALL NUMBER (RLIN)
Classification number (OCLC) (R) ; Classification number, CALL (RLIN) (NR) QE511
Local cutter number (OCLC) ; Book number/undivided call number, CALL (RLIN) ISO
003 - CONTROL NUMBER IDENTIFIER
control field
005 - DATE AND TIME OF LATEST TRANSACTION
control field 20230123122242.0
040 ## - CATALOGING SOURCE
Transcribing agency NUST
245 00 - TITLE STATEMENT
Title Isotope geochemistry :
Remainder of title from the treatise on geochemistry /
Statement of responsibility, etc. edited by Heinrich D. Holland, Karl K. Turekian
260 ## - PUBLICATION, DISTRIBUTION, ETC.
Place of publication, distribution, etc. San Diego ;
-- London :
Name of publisher, distributor, etc. Elsevier/Academic,
Date of publication, distribution, etc. 2011
300 ## - PHYSICAL DESCRIPTION
Extent x, 739 p. :
Other physical details ill. ;
Dimensions 27 cm.
500 ## - GENERAL NOTE
General note Includes index.
504 ## - BIBLIOGRAPHY, ETC. NOTE
Bibliography, etc. note Includes bibliographical references.
650 #0 - SUBJECT ADDED ENTRY--TOPICAL TERM
Topical term or geographic name entry element Isotope geology
650 ## - SUBJECT ADDED ENTRY--TOPICAL TERM
Topical term or geographic name entry element Geochemistry.
700 1# - ADDED ENTRY--PERSONAL NAME
Personal name Holland, Heinrich D
700 1# - ADDED ENTRY--PERSONAL NAME
Personal name Turekian, Karl K
907 ## - LOCAL DATA ELEMENT G, LDG (RLIN)
a .b10378662
b 21-02-17
c 21-02-17
942 ## - ADDED ENTRY ELEMENTS (KOHA)
Koha item type Ordinary Loan Books
Call number prefix QE511
Call number suffix ISO
Holdings
Date last seen Total Checkouts Full call number Barcode Cost, replacement price Price effective from Koha item type Lost status Source of classification or shelving scheme Damaged status Not for loan Collection Withdrawn status Home library Current library Shelving location Date acquired Cost, normal purchase price
01/23/2023   QE511 ISO 92004042077 80.00 01/23/2023 BOOKS   LCC     NFIC   MAIN MAIN GEN 01/23/2023 80.00